Responses for Show #596 - Monday, March 23, 1987

John Podhoretz game 3.

Contestants

Tracy Bernstein, a book publishing editor from New York City, New York

Ed Gardner, a reference librarian from Hoboken, New Jersey

John Podhoretz, a writer from Washington, D.C. (whose 2-day cash winnings total $11,600)

[next game >>]

Jeopardy! Round responses

PRESIDENTS
BUSINESS & INDUSTRY
CARTOON QUOTES
FACES
HOBBIES
"TOP" THIS
    $100 5
(Richard) Nixon

Tracy
    $100 4
Kodak

Ed.
    $100 1
Bugs Bunny

John
    $100 7
blackface

John
    $100 24
ham radio

John
    $100 3
Topper

John
    $200 8
Theodore Roosevelt

John
    $200 21
advertising

John
    $200 2
Tweetypie (Tweety Bird)

Ed.
    $200 11
(Ed: Who is Ulysses S. Grant?)

Alexander Hamilton

Ed.
Triple Stumper
    $200 27
model trains

Tracy
    $200 6
"Top of the Morning to You!"

Tracy
    $300 12
Woodrow Wilson

John
    $300 22
none

John
    $300 9
(Tracy: What does Sylvester say?)

Sylvester the Cat

Tracy
    $300 16
Helen of Troy

Ed.
    $300 28
bug (insect) collecting

Ed.
    $300 10
top banana

Tracy
    $400 15
(John: Who is McKinley?)
(Ed: Who is Abraham Lincoln?)

(James) Garfield

JohnEd.Tracy
    $400 23
Hallmark

Ed.
    $400 13
Elmer Fudd

John
    $400 18
face the music

Tracy
    $400 29
condition

Ed.
    $500 19
topsy-turvy

Tracy
    $500 17
(Franklin) Roosevelt

John
    $500 26
(William) Paley

Tracy
    $500 14
(John: Who is Elmer Fudd?)
(Alex: If I didn't have a cold, I could have done a much better job in those quotes!)

Porky Pig

JohnEd.
    $500 20
Dirk Benedict

John
    $500 30
known as "The Flying Fisherman"/fishing

Triple Stumper
    $500 25
(John: What is a topologist?)
(Alex: About a minute to go in the round.)

topographer

JohnTracy

Scores at the first commercial break (after clue 14):

John Ed. Tracy
$700 $600 $900

Scores at the end of the Jeopardy! Round:

John Ed. Tracy
$1,400 $1,600 $3,400

Double Jeopardy! Round responses

SOVIET LEADERS
CATTLE
MYTHS & LEGENDS
BOOKS OF THE '80s
COUNTRY MUSIC FIRSTS
SEE THE USA
    $200 5
Gorbachev

Ed.
    $200 22
India

Ed.
    $200 6
flower

Tracy
    $200 7
(Ed: What is Gentlemen's Agreement?)

Gentlemen

JohnEd.
    $200 17
Charley Pride

John
    $200 16
Greyhound Hall of Fame

Triple Stumper
    $400 4
Nikita Khrushchev

John
    $400 23
(Alex: And we have less than a minute to go in this round.)

longhorn

Tracy
    $400 9
Neptune

John
    $400 8
Vogue

Ed.
    $400 18
Alabama

John
    $400 20
(Ed: What is Campbell's?)
(Alex: They're big serving bowls & yes, it is the Campbell's Museum, by the way.)

tureens

JohnEd.
    $600 3
Brezhnev

John
    $600 26
Jersey

Triple Stumper
    $600 11
eyes

Tracy
    $600 10
The Supremes

Ed.
    $600 19
Coca-Cola

Tracy
    $600 21
(Tracy: What is Texas?)

Oklahoma

Ed.Tracy
    $800 1
(Tracy: Who is Gorbachev?)

Yuri Andropov

JohnTracy
    $800 27
(Ed: What are Guernseys?)

Holsteins

Ed.
Triple Stumper
    $800 13
Medusa

John
    $800 12
(Tracy: Who is David Eisenhower?)
(Alex: And we need it all.)
(Tracy: Oh, who is David Eisenhower & Julie Nixon Eisenhower?)

David & Julie Nixon Eisenhower

Tracy
    $800 24
Michigan

Tracy
    $1000 2
Stalin

John
    $1000 28
[end-of-round signal sounds]

they have no horns

Triple Stumper
    $1000 15
(Ed: Who is Aescheplus?)

Apollo

JohnEd.
    $1000 14
the Fords

John
    $1000 25
United States Air Force Academy

Ed.

Scores at the end of the Double Jeopardy! Round:

John Ed. Tracy
$8,600 $2,200 $5,400

[wagering suggestions for these scores]

Final Jeopardy! Round responses

EDUCATION
(Alex: Since it was the Boston Latin School.)
Ed.What is Boston?
$2,200
TracyWhat is Boston?
$5,000
JohnWhat is Boston?
$3,000
Boston

Final scores:

John Ed. Tracy
$11,600 $4,400 $10,400
3-day champion: $23,200 3rd place 2nd place

Game dynamics:

Coryat scores:

John Ed. Tracy
$8,600 $2,200 $5,300
23 R,
3 W
13 R,
6 W
16 R
(including 2 DDs),
2 W

Combined Coryat: $16,100

[game clues] [game scores] [suggest correction]

Game tape date: 1986-12-02
The J! Archive is created by fans, for fans. Scraping, republication, monetization, and malicious use prohibited; this site may use cookies and collect identifying information. See terms. The Jeopardy! game show and all elements thereof, including but not limited to copyright and trademark thereto, are the property of Jeopardy Productions, Inc. and are protected under law. This website is not affiliated with, sponsored by, or operated by Jeopardy Productions, Inc. Join the discussion at JBoard.tv.